000 00674nam a2200229Ia 4500
001 17652
003 GE_BSU
008 181216s||||||||xx |||||||||||||| ||und||
040 _cGE_BSU
080 _a821.353.1-32
100 _aკლდიაშვილი,სერგო
245 _aდევის კუნძული
245 _bმოთხრობები
245 _cრედ.:შ.აფხაიძე
260 _aთბილისი
260 _bსახელგამი
260 _c1951
300 _a106გვ.;22სმ.
653 _aდევის კუნძული
653 _aმოთხრობები
942 _cBK
999 _c50701
_d50701